Hindu dharmottara bharata: (Record no. 122849)

MARC details
000 -LEADER
fixed length control field 01229nam a2200325Ia 4500
003 - CONTROL NUMBER IDENTIFIER
control field OSt
005 - DATE AND TIME OF LATEST TRANSACTION
control field 20251114102813.0
008 - FIXED-LENGTH DATA ELEMENTS--GENERAL INFORMATION
fixed length control field 210210b2018 xxu||||| |||| 00| 0 eng d
040 ## - CATALOGING SOURCE
Transcribing agency AL
041 ## - LANGUAGE CODE
Language code of text/sound track or separate title eng
082 ## - DEWEY DECIMAL CLASSIFICATION NUMBER
Classification number 305.56K KANH
100 ## - MAIN ENTRY--PERSONAL NAME
Personal name KANCHA AILAYYA
9 (RLIN) 128698
Dates associated with a name ಕಾಂಚಾ ಐಲಯ್ಯ
245 ## - TITLE STATEMENT
Title Hindu dharmottara bharata:
Remainder of title ಹಿಂದೂ ಧರ್ಮೋತ್ತರ ಭಾರತ
260 ## - PUBLICATION, DISTRIBUTION, ETC.
Place of publication, distribution, etc. Gadaga
Name of publisher, distributor, etc. Ladayi Prakashana
Date of publication, distribution, etc. 2018
300 ## - PHYSICAL DESCRIPTION
Extent xvi,269
520 ## - SUMMARY, ETC.
Summary, etc. Hindu dharmottara bharata: samajika dharmika vaijnanika kshetragalalli dalita bahujanara kranti<br/>ಹಿಂದೂ ಧರ್ಮೋತ್ತರ ಭಾರತ : ಸಾಮಾಜಿಕ ಧಾರ್ಮಿಕ ವೈಜ್ಞಾನಿಕ ಕ್ಷೇತ್ರಗಳಲ್ಲಿ ದಲಿತ ಬಹುಜನರ ಕ್ರಾಂತಿ
650 ## - SUBJECT ADDED ENTRY--TOPICAL TERM
Topical term or geographic name entry element vaijnanika
9 (RLIN) 128699
650 ## - SUBJECT ADDED ENTRY--TOPICAL TERM
Topical term or geographic name entry element samajika
9 (RLIN) 128700
650 ## - SUBJECT ADDED ENTRY--TOPICAL TERM
Topical term or geographic name entry element kshetragalalli
9 (RLIN) 128701
650 ## - SUBJECT ADDED ENTRY--TOPICAL TERM
Topical term or geographic name entry element kranti
9 (RLIN) 128702
650 ## - SUBJECT ADDED ENTRY--TOPICAL TERM
Topical term or geographic name entry element Hindu
9 (RLIN) 128703
650 ## - SUBJECT ADDED ENTRY--TOPICAL TERM
Topical term or geographic name entry element dharmottara
9 (RLIN) 128704
650 ## - SUBJECT ADDED ENTRY--TOPICAL TERM
Topical term or geographic name entry element dharmika
9 (RLIN) 128705
650 ## - SUBJECT ADDED ENTRY--TOPICAL TERM
Topical term or geographic name entry element dalita
9 (RLIN) 128706
650 ## - SUBJECT ADDED ENTRY--TOPICAL TERM
Topical term or geographic name entry element bharata:
9 (RLIN) 128707
650 ## - SUBJECT ADDED ENTRY--TOPICAL TERM
Topical term or geographic name entry element bahujanara
9 (RLIN) 128708
690 ## - LOCAL SUBJECT ADDED ENTRY--TOPICAL TERM (OCLC, RLIN)
Topical term or geographic name as entry element Social Groups
9 (RLIN) 128709
906 ## - LOCAL DATA ELEMENT F, LDF (RLIN)
a 073079
942 ## - ADDED ENTRY ELEMENTS (KOHA)
Source of classification or shelving scheme Dewey Decimal Classification
Koha item type Book
Holdings
Withdrawn status Lost status Source of classification or shelving scheme Damaged status Not for loan Collection code Home library Current library Shelving location Date acquired Source of acquisition Cost, normal purchase price Total Checkouts Full call number Barcode Date last seen Price effective from Koha item type
    Dewey Decimal Classification     Sociology St Aloysius Library St Aloysius Library   02/17/2021 Navakarnataka Publication Pvt Ltd., Mangalore. 180.00   305.56K KANH 073079 02/17/2021 02/17/2021 Book